00789cam a22002651 4500001001300000003000400013005001700017008004100034010001700075035001900092040002500111042001200136050001900148082001600167100003500183245004800218260004200266300003000308504002800338600003500366600003800401600003500439600003200474999001700506sa 67004258 DLC20260227112345.0820921s1967 ii c b 000 0ceng  asa 67004258  a(OCoLC)8793934 aDLCcMoUdOCoLCdDLC apremarc00aDS481.N35bG78 a954.04/09221 aGujrari, Balwant Singh,d1912-10aPrime ministers of India,cby B.S. Gujrati. aDelhi,bMetropolitan Book Co.c[1967] axi, 72 p.bports.c23 cm. aBibliography: p. 65-70.10aNehru, Jawaharlal,d1889-1964.10aShastri, Lal Bahadur,d1904-1966.10aNanda, Gulzarilal,d1898-1998.10aGandhi, Indira,d1917-1984. c74341d74341